Fundamentals of Marketing (Record no. 299472)

000 -LEADER
fixed length control field 00295 a2200133 4500
001 - CONTROL NUMBER
control field 64399
082 ## - DEWEY DECIMAL CLASSIFICATION NUMBER
Classification number 658.8 STA
090 ## - LOCALLY ASSIGNED LC-TYPE CALL NUMBER (OCLC); LOCAL CALL NUMBER (RLIN)
-- 38028
-- 38028
100 ## - MAIN ENTRY--PERSONAL NAME
Personal name Stanton, W.J
245 ## - TITLE STATEMENT
Title Fundamentals of Marketing
250 ## - EDITION STATEMENT
Edition statement 10th Edition
260 ## - PUBLICATION, DISTRIBUTION, ETC.
Place of publication, distribution, etc. New delhi
Date of publication, distribution, etc. McGraw-Hill
300 ## - PHYSICAL DESCRIPTION
Extent 697p
942 ## - ADDED ENTRY ELEMENTS (KOHA)
Institution code [OBSOLETE] CAE NUST
Call number prefix 658.8 STA
Holdings
Withdrawn status Lost status Damaged status Not for loan Collection code Permanent Location Current Location Date acquired Total Checkouts Full call number Barcode Date last seen Price effective from Koha item type
          College of Aeronautical Engineering (CAE) College of Aeronautical Engineering (CAE) 04/03/2017   658.8 STA CAEG-5241 04/05/2017 04/05/2017 Book
© 2023 Central Library, National University of Sciences and Technology. All Rights Reserved.